| 000 | 01128nam a2200277 a 4500 | ||
|---|---|---|---|
| 001 | 62282 | ||
| 003 | BD-RjUL | ||
| 005 | 20211209081050.0 | ||
| 008 | 170212s1997 bg a eng | | ||
| 020 |
_a9845083005 _c: Tk. 400.00 Inland |
||
| 035 | _a(BD-RjUL) 62408 | ||
| 040 |
_aANL _beng _dANL _cBD-RjUL |
||
| 041 | _aeng | ||
| 082 |
_223 _a304.6095492021 _bBAB V-3 1997 (NSUAR) |
||
| 110 |
_aBangladesh Bureau of Statistics _9179266 |
||
| 245 | 1 | 0 |
_aBangladesh population census, 1991 = বাংলাদেশ আদমশুমারী, ১৯৯১ : _bNational Series/ _cBangladesh Bureau of Statistics |
| 246 | _aবাংলাদেশ আদমশুমারী, ১৯৯১ | ||
| 260 |
_aDhaka, : _bBangladesh Bureau of Statistics, _c1984. |
||
| 300 |
_a v. : _bIll ; _c28 cm. |
||
| 490 |
_aNational series: Urban Area Report ; _vv. 3 |
||
| 505 | 0 | _aVol. 3, Urban Area Report -- | |
| 651 |
_aBangladesh _zUrban Area _vcensus, 1991 _9190840 |
||
| 651 |
_aBangladesh _zUrban Area _xPopulation _vStatistics _y1991 _9190841 |
||
| 830 |
_aNational series: Urban Area Report ; _vv. 3 _9190843 |
||
| 942 |
_2ddc _cRAR |
||
| 999 |
_c62282 _d62282 |
||